Memorias de mi vida

Gespeichert in:
Bibliographische Detailangaben
1. Verfasser: De Chirico, Giorgio (VerfasserIn)
Format: Buch
Sprache:Spanisch
Veröffentlicht: Madrid Síntesis 2004
Schriftenreihe:El Espíritu y la Letra, 20
Schlagworte:
Tags: Tag hinzufügen
Keine Tags, Fügen Sie den ersten Tag hinzu!

MARC

LEADER 00000nam a2200000 a 4500
001 UCH9947
003 CL-VaPUC
008 100304e20040000SP |||||||||||||||||spa|d
020 |a 8497562070 
082 0 4 |a 759.5  |b DEC  |2 21 
100 0 |a De Chirico, Giorgio  |e author  |9 547267 
245 1 0 |a Memorias de mi vida 
300 |a 335 p 
942 |c BK 
945 |d 20100304 00:00:00  |a cmena 
260 |a Madrid  |b Síntesis  |c 2004 
650 0 |a Pintores italianos  |9 265277 
650 0 |a Autobiografías   |9 265171 
650 0 |a Literatura italiana  |9 266970 
650 0 |a Filosofía del arte  |9 264951 
583 |a last modification  |c 20100304 00:00:00  |k Rodrigo Vera 
490 0 |a El Espíritu y la Letra, 20 
999 |c 339769  |d 339767 
952 |0 0  |1 0  |4 0  |6 759_500000000000000_DEC_2004  |7 0  |8 R  |9 433617  |a BIBART  |b BIBART  |d 2019-11-22  |i 4644166  |o 759.5 DEC 2004  |p 4644166  |r 2025-03-13  |w 2019-11-22  |y BK_R  |k ART